000 00278nam a22001217a 4500
082 _a894.812
_bKAN*/O
100 _aKANAKARAGHAVAN
245 _aONAPOOKKALAM
260 _aTHRISSUR
_bH & C PUBLISHING HOUSE
300 _a46
650 _aONAM FESTIVAL DETAILS
_zKERALA
942 _cBK
999 _c1010
_d1010